000 00523nam a22001937a 4500
005 20260422074330.0
008 260422b |||||||| |||| 00| 0 eng d
020 _a9789358494938
_c330.00
040 _aMAIN
041 _aeng
082 _a305.09
_bBHU.
100 _aBhuyan, Dilip Kumar.
_dBordoloi, Moushumi.
245 _aIndian Society Images and Realities
_cBy Dilip Kumar Bhuyan.
250 _a1st ed.
260 _aDibrugarh:
_bBanalata;
_c2024.
300 _a256p.
650 _aSociology
942 _2ddc
_cBK
999 _c16397
_d16397